[Event "Walsrode Chessemy op-A"]
[Site "Walsrode"]
[Date "2023.03.07"]
[Round "4"]
[White "Edelmann, Oliver"]
[Black "Martin, Dennis"]
[Result "0-1"]
[WhiteElo "1872"]
[BlackElo "2005"]
[PlyCount "132"]
[EventDate "2023.03.04"]
[EventType "swiss"]
[EventRounds "9"]
[EventCountry "GER"]
[SourceTitle "CBM 213 Extra"]
[Source "ChessBase"]
[SourceDate "2023.05.31"]
[SourceVersion "1"]
[SourceVersionDate "2023.05.31"]
[SourceQuality "1"]

1. e4 c6 2. d4 d5 3. e5 c5 4. c4 dxc4 5. d5 Qc7 6. Bf4 f6 7. Bxc4 fxe5 8. Qh5+ g6 9. Qxe5 Qxe5+ 10. Bxe5 Nf6 11. Nc3 a6 12. d6 Nbd7 13. Nf3 exd6 14. Nd5 Nxe5 15. Nxf6+ Kd8 16. Nxe5 dxe5 17. 0-0-0+ Kc7 18. Nd5+ Kc6 19. Rhe1 Bf5 20. Rxe5 Bh6+ 21. f4 Rae8 22. Rde1 Rxe5 23. Rxe5 Kd6 24. g3 b5 25. Bb3 Be6 26. Nc3 c4 27. Ne4+ Ke7 28. Bd1 Bg7 29. Rc5 Rc8 30. Rxc8 Bxc8 31. a4 Bd4 32. Ng5 Be3+ 33. Kc2 b4 34. Bf3 h6 35. Ne4 Bf5 36. g4 Bd7 37. a5 Ba4+ 38. Kb1 Bxf4 39. h3 Bc6 40. Nd2 Bxf3 41. Nxf3 Ke6 42. Nh4 Bg3 43. Nf3 Kd5 44. Kc2 g5 45. Nd2 Be1 46. Nf3 b3+ 47. Kc1 Bxa5 48. h4 gxh4 49. Nxh4 Ke4 50. Nf5 Kd3 51. Kb1 Bd2 52. Nd6 a5 53. Nf7 Bf4 54. Nd8 a4 55. Ne6 Be3 56. Nc7 a3 57. Nb5 axb2 58. Kxb2 Bd4+ 59. Kb1 c3 60. Kc1 Be3+ 61. Kb1 c2+ 62. Kb2 c1Q+ 63. Kxb3 Qc4+ 64. Kb2 Qxb5+ 65. Ka2 Bc1 66. g5 Qb2# 0-1